000 004220000a22001570004500
003 LK-CoMWRAF
008 230817t ||||| |||| 00| 0 eng d
020 _a9559056026
040 _aLK-CoMWRAF
_dLK-CoMWRAF
_eLK-CoMWRAF
041 _aeng
082 _a211
_bMAN
245 _aManitha Urimaigalum Ilangaiyin Samayangalum
_b
260 _bSri Lanka Foundation
_aColombo 07 (Sri Lanka)
_c1992
300 _ap.451
942 _cBK
999 _c1654
_d1654